LEADER 02182nam 2200397 n 450 001 996392412003316 005 20200818224840.0 035 $a(CKB)4940000000103835 035 $a(EEBO)2269046577 035 $a(UnM)99848605e 035 $a(UnM)99848605 035 $a(EXLCZ)994940000000103835 100 $a19920114d1631 uy | 101 0 $aeng 135 $aurbn||||a|bb| 200 00$aTrigonometrie. Or, The doctrine of triangles$b[electronic resource] $edivided into two bookes: the first shewing the mensuration of right lined triangles: the second of sphericall: with the grounds and demonstrations thereof. Both performed by that late and excellent invention of logarithmes, after a more easie and compendious manner, than hath beene formerly taught. Whereunto is annexed (chiefly for the use of seamen,) a treatise of the application thereof in the three principall kindes of sailing. With certaine necessary tables used in navigation. By Richard Norvvood, reader of the mathematicks in London 210 $aLondon $cPrinted by William Iones$d1631 215 $a[8], 39, [1], 129, [187] p. $cill. (woodcuts) 300 $aSignatures: A-H? (+-H3) I-Z? &? "[*]"² chi² 2A-2I? a-l? m² . "[*]"1v contains errata; "[*]"2 is blank; chi1 is divisional title to "Ten chiliades"; chi2 contains errata. Variant: signatures A-Z? &? chi² 2A-2I? a-l? m² ; quires R-& are in an earlier setting; errata on &4v. 300 $aA divisional title for "Ten chiliades" precedes quire 2A; "A triangular canon logarithmicall" has separate divisional title and register. 300 $aH3 is a cancel. 300 $aReproduction of the original in the Henry E. Huntington Library and Art Gallery. 330 $aeebo-0113 606 $aNavigation$vEarly works to 1800 606 $aTrigonometry$vEarly works to 1800 615 0$aNavigation 615 0$aTrigonometry 700 $aNorwood$b Richard$f1590?-1675.$01003522 801 0$bCu-RivES 801 1$bCu-RivES 801 2$bCStRLIN 801 2$bWaOLN 906 $aBOOK 912 $a996392412003316 996 $aTrigonometrie. Or, The doctrine of triangles$92304108 997 $aUNISA LEADER 01574oam 2200385zu 450 001 996215142503316 005 20210807003600.0 035 $a(CKB)111026746731876 035 $a(SSID)ssj0000558140 035 $a(PQKBManifestationID)12219663 035 $a(PQKBTitleCode)TC0000558140 035 $a(PQKBWorkID)10557958 035 $a(PQKB)11433937 035 $a(NjHacI)99111026746731876 035 $a(EXLCZ)99111026746731876 100 $a20160829d1989 uy 101 0 $aeng 135 $aur||||||||||| 181 $ctxt 182 $cc 183 $acr 200 00$aComputers in Cardiology, Fifteenth, 1988: Proceedings 210 31$a[Place of publication not identified]$cIEEE Computer Society Press$d1989 215 $a1 online resource (590 pages) 300 $aBibliographic Level Mode of Issuance: Monograph 311 $a0-8186-1949-X 330 $aProceedings of a conference held in 1988, Bethesda, MD. Comprises papers on electrophysiological mapping, 3-D imaging, repolarization studies, mathematical modelling, edge detection, arrythmia analysis and data compression, myocardial perfusion, nuclear cardiology, and detection of ventricular fibrillation. Acidic paper. No subject index. Annotation copyrighted by Book News, Inc., Portland, OR. 606 $aCardiology$xData processing$vCongresses 615 0$aCardiology$xData processing 676 $a616.12002854 801 0$bPQKB 906 $aBOOK 912 $a996215142503316 996 $aComputers in Cardiology, Fifteenth, 1988: Proceedings$92497566 997 $aUNISA